| 000 | 00755nam a2200253 a 4500 | ||
|---|---|---|---|
| 001 | 000039738 | ||
| 003 | DO-SdBNP | ||
| 005 | 20220929101033.0 | ||
| 007 | ta | ||
| 008 | 130718s2013 dr a 000 0 spa d | ||
| 020 | _a9789945488098 | ||
| 040 |
_aDO-SdBNP _bspa _cBNPHU |
||
| 082 | 4 |
_aRD861.5 _bT588m _222 |
|
| 100 | 1 |
_aTineo, Jennet _965932 |
|
| 245 | 1 | 3 |
_aLa mujer espiral / _cJennet Tineo. |
| 260 |
_aSanto Domingo : _bÁngeles de Fierro, _c2013. |
||
| 300 |
_a77 p. : _bil. ; _c23 cm. |
||
| 500 | _aIncluye datos biográficos del la autora en la solapa de la cubierta | ||
| 590 | _aInventariado, 2022/MFF | ||
| 650 | 4 | _aPoesía dominicana | |
| 650 | 4 | _aLiteratura dominicana | |
| 910 | _aValidado. Control de calidad MFF | ||
| 942 |
_2ddc _cLBS1 |
||
| 999 |
_c39228 _d39228 |
||